Divided Dreamworlds? (Record no. 18929)
[ view plain ]
| 000 -LEADER | |
|---|---|
| fixed length control field | 00715nam a2200121Ia 4500 |
| 008 - FIXED-LENGTH DATA ELEMENTS--GENERAL INFORMATION | |
| fixed length control field | 220615s9999||||xx |||||||||||||| ||und|| |
| 245 #0 - TITLE STATEMENT | |
| Title | Divided Dreamworlds? |
| Remainder of title | The Cultural Cold War in East and West |
| 546 ## - LANGUAGE NOTE | |
| Language note | English[eng] |
| 650 ## - SUBJECT ADDED ENTRY--TOPICAL TERM | |
| Topical term or geographic name entry element | geschiedenis||history||geography||and auxiliary disciplines||Cold War||East Germany||NIOD Institute for War||Holocaust and Genocide Studies||Soviet Union||United States||Yugoslavia |
| 700 ## - ADDED ENTRY--PERSONAL NAME | |
| Personal name | Scott-Smith, Giles||Segal, Joes||Romijn, Peter |
| 856 ## - ELECTRONIC LOCATION AND ACCESS | |
| Uniform Resource Identifier | <a href="https://library.oapen.org/bitstream/20.500.12657/34481/1/425211.pdf||https://library.oapen.org/bitstream/20.500.12657/34481/1/425211.pdf||https://library.oapen.org/bitstream/20.500.12657/34481/1/425211.pdf">https://library.oapen.org/bitstream/20.500.12657/34481/1/425211.pdf||https://library.oapen.org/bitstream/20.500.12657/34481/1/425211.pdf||https://library.oapen.org/bitstream/20.500.12657/34481/1/425211.pdf</a> |
| 942 ## - ADDED ENTRY ELEMENTS (KOHA) | |
| Koha item type | E-Books |
| Withdrawn status | Lost status | Damaged status | Not for loan | Home library | Current library | Date acquired | Total Checkouts | Date last seen | Price effective from | Koha item type |
|---|---|---|---|---|---|---|---|---|---|---|
| Kerala University of Digital Sciences, Innovation and Technology Knowledge Centre | Kerala University of Digital Sciences, Innovation and Technology Knowledge Centre | 15/06/2022 | 15/06/2022 | 15/06/2022 | E-Books |